| 000 | 00822nam a2200265Ia 4500 | ||
|---|---|---|---|
| 003 | OSt | ||
| 005 | 20220925204853.0 | ||
| 006 | a|||||r|||| 00| 0 | ||
| 007 | ta | ||
| 008 | 220923b |||||||| |||| 00| 0 eng d | ||
| 020 | _a90.247.6184.0 | ||
| 037 | _cGeneral Book | ||
| 040 |
_aRTL _cRTL _beng |
||
| 041 |
_2eng _aeng |
||
| 082 | _aY:3(Q).4363.N5, J9;M2 | ||
| 100 |
_aRassers W H _9269149 |
||
| 245 | 0 |
_aPanji, the culture hero _b A structural study of religion in java |
|
| 250 | _a2 | ||
| 260 |
_aHague _bMartinus Nijhoff _c1982 |
||
| 300 |
_axix, 304p _ccm. |
||
| 490 | _aKoninklijk Institute Voor Taat Land-en Volkenkunde, Translation Series.3 | ||
| 500 | _aBibliography Chapterwise | ||
| 942 |
_hY:3(Q).4363.N5, J9;M2 _cGB _2CC |
||
| 999 |
_c550610 _d550610 |
||